000 00613 a2200181 4500
999 _c2082
_d2082
020 _a9781847875822
050 _aH62 BRA 2014
100 _aBraun, Virginia
_eauthor
245 _aSuccessful qualitative research :
_ba practical guide for beginners /
_cVirginia Braun; Victoria Clarke
264 _aLondon :
_bSage,
_c2014
300 _a382p.:
_bill.(som col.)
500 _aIncludes bibiligraphical references and index
650 _aQualitative research. .
650 _aSocial sciences -- Research
_xMethodology.
650 _aResearch
700 _aClarke, Victoria
_eauthor
942 _2lcc
_cBK
_h62
_iBRA
_kH